000 01016nam a2200229 i 4500
001 183364
003 ES-MaACL
005 20240125063158.0
008 140331s1932 sp | |||| ||spa d
080 _a616.851.1(047)
100 1 _aFreud, Sigmund,
_d1856-1939
_952547
245 1 0 _aHistoriales clínicos.
_n2,
_pUn caso de neurosis obsesiva ; Observaciones psicoanáliticas sobre un caso de paranoia autobiográficamente descrito ; Historia de una neurosis infantil /
_cSigmund Freud ; traducción directa del alemán de Luis López-Ballesteros y de Torres.
250 _a1ª ed.
260 _aMadrid :
_bBiblioteca Nueva,
_c1932 (
_eSegovia :
_fEst. tip. El Adelantado de Segovia)
300 _a1 v. ;
_c22 cm.
490 1 _aObras completas del profesor S. Freud ;
_v16
650 0 4 _aPsicoanálisis.
_916530
700 1 _aLópez-Ballesteros y de Torres, Luis.
_973432
830 0 _aObras completas del profesor S. Freud ;
_v16
_9191914
852 _aES-MaACL
_jC-21038
999 _c183364
_d183364